Normal view
MARC view
Entry Uniform Title
001 - CONTROL NUMBER
- control field: 36447
003 - CONTROL NUMBER IDENTIFIER
- control field: dpl
005 - DATE AND TIME OF LATEST TRANSACTION
- control field: 20111202121251.0
008 - FIXED-LENGTH DATA ELEMENTS
- fixed length control field: 111202|||a|||||| | ||| d
040 ## - CATALOGING SOURCE
- Original cataloging agency: dpl
- Transcribing agency: dpl
130 ## - HEADING--UNIFORM TITLE
- Uniform title: Green Genius 101 Q and A
670 ## - SOURCE DATA FOUND
- Source citation: Work cat.: (dpl)58914: Subramanian, Bhuvaneshwari. 36446, 101 Questions & Answers our planet's phenomenal past :, 2008
670 ## - SOURCE DATA FOUND
- Source citation: Work cat.: (dpl)58914: Subramanian, Bhuvaneshwari. 36446, 101 Questions & Answers our planet's phenomenal past :, 2008
